Facultad de Derecho – Universidad Nacional de Mar del Plata

Las Malvinas entre el Derecho y la Historia (Record no. 4585)

MARC details
000 -CABECERA
campo de control de longitud fija 00718nam a22001457a 4500
020 ## - NUMERO INTERNACIONAL NORMALIZADO PARA LIBROS (ISBN)
International Standard Book Number 9789502325286
080 ## - NUMERO DE CLASIFICACION DECIMAL UNIVERSAL (CDU)
Número de la Clasificación Decimal Universal 341.231 K 825
245 ## - MENCION DE TITULO
Título propiamente dicho Las Malvinas entre el Derecho y la Historia
Parte restante del título refutación del folleto británico "Mas allá de la historia oficial. la verdadera historia de las Falklands/ Malvinas"
260 ## - PUBLICACION, DISTRIBUCION, ETC. (PIE DE IMPRENTA)
Lugar de publicación, distribución, etc. Ciudad Autónoma de Buenos Aires
Nombre del editor, distribuidor, etc. Eudeba
Fecha de publicación, distribución, etc. 2015
300 ## - DESCRIPCION FISICA
Extensión 302 P:
Dimensiones 23 X 16 Cm.
650 ## - ASIENTO SECUNDARIO DE MATERIA - TERMINO TEMATICO
Subdivisión general derecho internacional publico
-- islas Malvinas
-- tratado de Tordesillas
-- bulas papales
-- tratado de Madrid de 1673
-- tatado de Madrid de 1713
-- tatado de Utrecht de 1713
-- derecho a la libre determinacion
700 ## - ASIENTO SECUNDARIO - NOMBRE PERSONAL
Nombre personal Kohen, Marcelo G.
Término de relación Rodriguez, Facundo D.
942 ## - ELEMENTOS AGREGADOS (KOHA)
Clasificación normalizada de Koha para alfabetizar _
945 ## - INFORMACION DE PROCESAMIENTO LOCAL
Responsable de carga/modificación Celeste Delía
AAAA-MM-DD - Fecha de ingreso/modificación 2017-08-22
Holdings
Retirado Perdido Fuente de clasificación Dañado No se presta Ubicación permanente Locación actual Estante o sala Fecha de adquisición Total préstamos Total renovaciones Signatura topográfica Inventario Ultima fecha vista Ultima fecha prestado Fecha del precio Tipo de item de Koha
          Bib. Derecho Bib. Derecho Sector Prestamo 22/08/2017 1 1 341.231 K 825 203439 30/05/2022 23/05/2022 22/08/2017 LIBRO

XHTML | CSS | ©Biblioteca Central - Dto. Tecnología de la Información - [ Con tecnología Koha ]